<?xml version="1.0" encoding="UTF-8"?>
<record
    xmlns:xsi="http://www.w3.org/2001/XMLSchema-instance"
    xsi:schemaLocation="http://www.loc.gov/MARC21/slim http://www.loc.gov/standards/marcxml/schema/MARC21slim.xsd"
    xmlns="http://www.loc.gov/MARC21/slim">

  <leader>03558nam a2200349 i 4500</leader>
  <controlfield tag="001">000012889</controlfield>
  <controlfield tag="003">DO-SdBNP</controlfield>
  <controlfield tag="005">20260304094324.0</controlfield>
  <controlfield tag="007">ta</controlfield>
  <controlfield tag="008">091118s1987    dr a          000 j spa d</controlfield>
  <datafield tag="040" ind1=" " ind2=" ">
    <subfield code="a">DO-SdBNP</subfield>
    <subfield code="b">spa</subfield>
    <subfield code="c">BNPHU</subfield>
    <subfield code="e">rda</subfield>
  </datafield>
  <datafield tag="041" ind1=" " ind2=" ">
    <subfield code="a">spa</subfield>
  </datafield>
  <datafield tag="082" ind1=" " ind2="4">
    <subfield code="a">RD863.4409</subfield>
    <subfield code="b">P379n 1987</subfield>
    <subfield code="2">22</subfield>
  </datafield>
  <datafield tag="100" ind1="1" ind2=" ">
    <subfield code="a">Peix, Pedro</subfield>
    <subfield code="d">1952-2015</subfield>
    <subfield code="e">autor</subfield>
    <subfield code="4">aut.</subfield>
    <subfield code="9">25675</subfield>
  </datafield>
  <datafield tag="245" ind1="1" ind2="3">
    <subfield code="a">La narrativa yugulada /</subfield>
    <subfield code="c">Pedro Peix.</subfield>
  </datafield>
  <datafield tag="250" ind1=" " ind2=" ">
    <subfield code="a">Segunda edici&#xF3;n</subfield>
  </datafield>
  <datafield tag="264" ind1=" " ind2="4">
    <subfield code="a">Santo Domingo :</subfield>
    <subfield code="b">Ediciones de Taller,</subfield>
    <subfield code="c">&#xA9;1987.</subfield>
  </datafield>
  <datafield tag="300" ind1=" " ind2=" ">
    <subfield code="a">657 p&#xE1;ginas :</subfield>
    <subfield code="b">ilustraciones ;</subfield>
    <subfield code="c">23 cm.</subfield>
  </datafield>
  <datafield tag="336" ind1=" " ind2=" ">
    <subfield code="a">texto</subfield>
    <subfield code="b">txt</subfield>
    <subfield code="2">rdacontent</subfield>
  </datafield>
  <datafield tag="337" ind1=" " ind2=" ">
    <subfield code="a">sin mediaci&#xF3;n</subfield>
    <subfield code="b">n</subfield>
    <subfield code="2">rdamedia</subfield>
  </datafield>
  <datafield tag="338" ind1=" " ind2=" ">
    <subfield code="a">volumen</subfield>
    <subfield code="b">nc</subfield>
    <subfield code="2">rdacarrier</subfield>
  </datafield>
  <datafield tag="490" ind1="1" ind2=" ">
    <subfield code="a">Biblioteca Taller</subfield>
    <subfield code="v">249</subfield>
  </datafield>
  <datafield tag="505" ind1="0" ind2=" ">
    <subfield code="a">La narrativa dominicana y el "Nouveau Roman"--</subfield>
    <subfield code="t">La muchacha de La Guaira ;</subfield>
    <subfield code="t">La mujer ;</subfield>
    <subfield code="t">En un boh&#xED;o /</subfield>
    <subfield code="r">Juan Bosch --</subfield>
    <subfield code="t">Mujeres ;</subfield>
    <subfield code="t">En busca del enganche /</subfield>
    <subfield code="r">Ram&#xF3;n Marrero Aristy --</subfield>
    <subfield code="t">Chito ;</subfield>
    <subfield code="t">Floreo /</subfield>
    <subfield code="r">Jos&#xE9; Rijo --</subfield>
    <subfield code="t">La cuenta del malo /</subfield>
    <subfield code="r">Freddy Prestol Castillo --</subfield>
    <subfield code="t">Cielo negro ;</subfield>
    <subfield code="t">Un hombre de la calle ;</subfield>
    <subfield code="r">N&#xE9;stor Caro --</subfield>
    <subfield code="t">Los aldeanos vienen cantando ;</subfield>
    <subfield code="t">&#xA1;D&#xED;game usted! ;</subfield>
    <subfield code="t">Este muerto no tiene credenciales /</subfield>
    <subfield code="r">&#xC1;ngel Hern&#xE1;ndez Acosta --</subfield>
    <subfield code="t">Pero &#xE9;l era as&#xED; /</subfield>
    <subfield code="r">&#xC1;ngel Rafael Lamarche --</subfield>
    <subfield code="t">La ventana ;</subfield>
    <subfield code="t">El cumplea&#xF1;os de Vitalina /</subfield>
    <subfield code="r">Hilma Contreras --</subfield>
    <subfield code="t">La bruja ;</subfield>
    <subfield code="t">Una carta equivocada /</subfield>
    <subfield code="r">Ram&#xF3;n Lacay Polanco --</subfield>
    <subfield code="t">La mutaci&#xF3;n ;</subfield>
    <subfield code="t">Biograf&#xED;a de un suicida ;</subfield>
    <subfield code="t">Pesadilla ;</subfield>
    <subfield code="t">Falso embarazo ;</subfield>
    <subfield code="t">Vecindad /</subfield>
    <subfield code="r">Virgilio D&#xED;az Grull&#xF3;n --</subfield>
    <subfield code="t">Los pasos ven&#xED;an detr&#xE1;s ;</subfield>
    <subfield code="t">Mil camisas ;</subfield>
    <subfield code="t">La hoja en el viento ;</subfield>
    <subfield code="t">Curiosidad ;</subfield>
    <subfield code="t">Marylin /</subfield>
    <subfield code="r">Sanz Lajara --</subfield>
    <subfield code="t">El coronel Buenrostro ;</subfield>
    <subfield code="t">La fortaleza /</subfield>
    <subfield code="r">Marcio Veloz Maggiolo --</subfield>
    <subfield code="t">La moneda gastada ;</subfield>
    <subfield code="t">En llegando /</subfield>
    <subfield code="r">Ram&#xF3;n Francisco --</subfield>
    <subfield code="t">El monje alquimista ;</subfield>
    <subfield code="t">La rebeli&#xF3;n /</subfield>
    <subfield code="r">Carlos Esteban Deive --</subfield>
    <subfield code="t">Hotel cosmo ;</subfield>
    <subfield code="t">La escalera ;</subfield>
    <subfield code="r">Antonio Lockward --</subfield>
    <subfield code="t">Remuriendo ;</subfield>
    <subfield code="t">Siglo XX /</subfield>
    <subfield code="r">Iv&#xE1;n Garc&#xED;a --</subfield>
    <subfield code="t">Ahora que vuelvo, Ton ;</subfield>
    <subfield code="t">La oportunidad ;</subfield>
    <subfield code="t">Lo noche se pone grande, muy grande /</subfield>
    <subfield code="r">Ren&#xE9; del Risco Berm&#xFA;dez --</subfield>
    <subfield code="t">La boca ;</subfield>
    <subfield code="t">Delicatessen ;</subfield>
    <subfield code="t">Los trajes blancos han vuelto /</subfield>
    <subfield code="r">Miguel Alfonseca --</subfield>
    <subfield code="t">Tr&#xED;ada ;</subfield>
    <subfield code="t">El gato /</subfield>
    <subfield code="r">Armando Alm&#xE1;nzar Rodr&#xED;guez --</subfield>
    <subfield code="t">Aqu&#xED; no hay mucho que decir ;</subfield>
    <subfield code="t">En la sala de espera /</subfield>
    <subfield code="r">Abel Fern&#xE1;ndez Mej&#xED;a --</subfield>
  </datafield>
  <datafield tag="505" ind1="0" ind2=" ">
    <subfield code="a">Cons&#xED;gueme, La n&#xE1;use, Matilde ;</subfield>
    <subfield code="t">Inti Huaman o Eva, Again /</subfield>
    <subfield code="r">Efraim Castillo --</subfield>
    <subfield code="t">&#xA1;No ombe no, que va! ;</subfield>
    <subfield code="t">La sabana /</subfield>
    <subfield code="r">Rub&#xE9;n Echavarr&#xED;a --</subfield>
    <subfield code="t">El enigma ;</subfield>
    <subfield code="t">Antipolux /</subfield>
    <subfield code="r">Di&#xF3;genes V&#xE1;ldez --</subfield>
    <subfield code="t">Punto de enlace ;</subfield>
    <subfield code="t">La &#xFA;ltima llamada /</subfield>
    <subfield code="r">Arturo Rodr&#xED;guez Fern&#xE1;ndez --</subfield>
    <subfield code="t">Tercer y &#xFA;ltimo encuentro con el hombre del sombrero gris /</subfield>
    <subfield code="r">Roberto Marcall&#xE9; Abreu --</subfield>
    <subfield code="t">La forza del destino ;</subfield>
    <subfield code="t">Con pap&#xE1; en casa de Madame Sophie /</subfield>
    <subfield code="r">Jos&#xE9; Alc&#xE1;ntara Alm&#xE1;nzar --</subfield>
    <subfield code="t">Responso para un cad&#xE1;ver sin flores ;</subfield>
    <subfield code="t">Los hitos ;</subfield>
    <subfield code="t">Los poetas cuentistas /</subfield>
    <subfield code="r">Pedro Peix --</subfield>
    <subfield code="t">El centavo ;</subfield>
    <subfield code="t">El gusano ;</subfield>
    <subfield code="t">El jefe ;</subfield>
    <subfield code="r">Manuel de Cabral --</subfield>
    <subfield code="t">La &#xFA;ltima aventura de Charlot ;</subfield>
    <subfield code="t">Deleite (Historia de un caballo) /</subfield>
    <subfield code="r">Tom&#xE1;s Hern&#xE1;ndez Franco --</subfield>
    <subfield code="t">El potro gris /</subfield>
    <subfield code="r">Pedro Mir (1913-) --</subfield>
    <subfield code="t">Flor de los sepulcros ;</subfield>
    <subfield code="t">Epicentro de la bruma /</subfield>
    <subfield code="r">Enriquillo S&#xE1;nchez (1947-) --</subfield>
    <subfield code="g">Ap&#xE9;ndice --</subfield>
    <subfield code="t">Apuntes sobre escribir cuentos /</subfield>
    <subfield code="r">Juan Bosch --</subfield>
    <subfield code="t">Del cuento breve y sus alrededores /</subfield>
    <subfield code="r">Julio Cort&#xE1;zar --</subfield>
    <subfield code="t">La filosof&#xED;a de la composici&#xF3;n /</subfield>
    <subfield code="r">Edgar A. Poe --</subfield>
    <subfield code="t">Resumen</subfield>
  </datafield>
  <datafield tag="590" ind1=" " ind2=" ">
    <subfield code="a">Inventariado, 2020/VM</subfield>
  </datafield>
  <datafield tag="650" ind1=" " ind2="4">
    <subfield code="a">Cuentos dominicanos</subfield>
    <subfield code="x">Historia y cr&#xED;tica</subfield>
    <subfield code="9">10852</subfield>
  </datafield>
  <datafield tag="650" ind1=" " ind2="4">
    <subfield code="a">Autores dominicanos</subfield>
    <subfield code="x">Cr&#xED;tica e interpretaci&#xF3;n</subfield>
    <subfield code="9">158</subfield>
  </datafield>
  <datafield tag="650" ind1=" " ind2="4">
    <subfield code="a">Cuentos dominicanos</subfield>
    <subfield code="x">Colecciones</subfield>
    <subfield code="9">503</subfield>
  </datafield>
  <datafield tag="650" ind1=" " ind2="4">
    <subfield code="a">Literatura dominicana.</subfield>
    <subfield code="9">67</subfield>
  </datafield>
  <datafield tag="910" ind1=" " ind2=" ">
    <subfield code="a">Validado. Control de calidad MMOLINA</subfield>
  </datafield>
  <datafield tag="942" ind1=" " ind2=" ">
    <subfield code="2">ddc</subfield>
    <subfield code="c">LBS1</subfield>
  </datafield>
  <datafield tag="952" ind1=" " ind2=" ">
    <subfield code="0">0</subfield>
    <subfield code="1">0</subfield>
    <subfield code="2">ddc</subfield>
    <subfield code="5">1</subfield>
    <subfield code="7">0</subfield>
    <subfield code="8">PD</subfield>
    <subfield code="a">BNPHU</subfield>
    <subfield code="b">BNPHU</subfield>
    <subfield code="c">HD</subfield>
    <subfield code="d">2009-11-18</subfield>
    <subfield code="l">0</subfield>
    <subfield code="o">BNPHU PD RD863.4409 P379n 1987</subfield>
    <subfield code="p">12889-10</subfield>
    <subfield code="r">2020-06-25</subfield>
    <subfield code="w">2020-06-25</subfield>
    <subfield code="y">LBS1</subfield>
  </datafield>
  <datafield tag="952" ind1=" " ind2=" ">
    <subfield code="0">0</subfield>
    <subfield code="1">0</subfield>
    <subfield code="2">ddc</subfield>
    <subfield code="5">1</subfield>
    <subfield code="7">0</subfield>
    <subfield code="8">PD</subfield>
    <subfield code="a">BNPHU</subfield>
    <subfield code="b">BNPHU</subfield>
    <subfield code="c">HD</subfield>
    <subfield code="d">2009-11-18</subfield>
    <subfield code="l">0</subfield>
    <subfield code="o">BNPHU PD RD863.4409 P379n 1987</subfield>
    <subfield code="p">12889-20</subfield>
    <subfield code="r">2020-06-25</subfield>
    <subfield code="t">e. 2</subfield>
    <subfield code="w">2020-06-25</subfield>
    <subfield code="y">LBS1</subfield>
  </datafield>
  <datafield tag="952" ind1=" " ind2=" ">
    <subfield code="0">0</subfield>
    <subfield code="1">0</subfield>
    <subfield code="2">ddc</subfield>
    <subfield code="5">6</subfield>
    <subfield code="7">0</subfield>
    <subfield code="8">DS</subfield>
    <subfield code="a">BNPHU</subfield>
    <subfield code="b">BNPHU</subfield>
    <subfield code="c">HD</subfield>
    <subfield code="d">2026-02-02</subfield>
    <subfield code="e">Donado por la Presidencia de la Rep&#xFA;blica Dominicana 2023.</subfield>
    <subfield code="l">0</subfield>
    <subfield code="o">BNPHU DS RD863.4409 P379n 1987</subfield>
    <subfield code="p">2026-0556</subfield>
    <subfield code="r">2026-02-02</subfield>
    <subfield code="t">e.3</subfield>
    <subfield code="w">2026-02-02</subfield>
    <subfield code="y">LBS1</subfield>
    <subfield code="z">Pertenecio a la biblioteca personal de Emilio Cordero Michel.</subfield>
  </datafield>
  <datafield tag="999" ind1=" " ind2=" ">
    <subfield code="c">12537</subfield>
    <subfield code="d">12537</subfield>
  </datafield>
</record>
